| 000 | 00744nam a2200229 i 4500 | ||
|---|---|---|---|
| 001 | 45034 | ||
| 003 | ES-MaACL | ||
| 005 | 20230906161136.0 | ||
| 007 | t| | ||
| 008 | 030325s1984 sp af |||| |dspa d | ||
| 080 | _a75 Clavé, Antoni (064.3) | ||
| 245 | 0 | 0 |
_aAntoni Clavé _b: Pabellón de España, Bienal de Venecia, junio-septiembre 1984. |
| 260 |
_a[Madrid : _bs.n., _c1984] |
||
| 300 |
_a120 p., 94 lám. : _bil. col. y n. ; _c31 cm. |
||
| 600 | 1 | 4 |
_aClavé, Antoni- _vExposiciones. _939111 |
| 655 | 7 |
_2tgfbne _9193628 _aCatálogos de exposiciones |
|
| 700 | 1 |
_aClavé, Antoni. _939110 |
|
| 711 | 2 |
_aBiennale di Venezia ( _n41ª. _d1984. _9226686 |
|
| 852 |
_aES-MaACL _jL-6055 |
||
| 942 | _2udc | ||
| 999 |
_c45034 _d45034 |
||